Statistics for Top Ten Countries by Economy

Click here to take the quiz!

General Stats

  • This quiz has been taken 204 times
  • The average score is 9 of 10

Answer Stats

NumberCountry% Correct
2China
98%
1US
98%
7France
94%
3Japan
94%
5UK
94%
4Germany
93%
6India
83%
10Canada
76%
9Italy
75%
8Brazil
74%

Score Distribution

Percentile by Number Answered

Percent of People with Each Score

Your Score History

You have not taken this quiz